000 01133cam a22002774a 4500
999 _c21433
_d21433
001 12546192
003 OSt
005 20170121122513.0
008 010926s2003 mauab 001 0 eng
010 _a 2001052186
020 _a0072347201
020 _a0071199365 (ISE)
040 _aDLC
_cDLC
_dDLC
042 _apcc
050 0 0 _aQH308.2 .J62 2003
082 0 0 _a570
_221
100 1 _aJohnson, George B.
_d2003
245 1 4 _aThe living world /
_cGeorge B. Johnson.
250 _a3rd ed.
260 _aBoston :
_bMcGraw-Hill,
_c2003.
300 _axix, 796 p. :
_bill. ;
_c29 cm.
500 _aincludes bibliographical references and index.
650 0 _aBiology.
856 4 2 _3Publisher description
_uhttp://www.loc.gov/catdir/description/mh021/2001052186.html
856 4 1 _3Table of contents
_uhttp://www.loc.gov/catdir/toc/mh021/2001052186.html
906 _a7
_bcbc
_corignew
_d1
_eocip
_f20
_gy-gencatlg
942 _2lcc
_cBOOKS
_hQH308.2 .J62 2003
_k27811